| 000 | 00912nam a2200205Ia 4500 | ||
|---|---|---|---|
| 001 | 7939 | ||
| 003 | GE_BSU | ||
| 008 | 181216s||||||||xx |||||||||||||| ||und|| | ||
| 040 | _cGE_BSU | ||
| 245 | _aსაპატრიარქოს უწყებანი.№32(691)2013. 3-9 ოქტომბერი | ||
| 245 | _bპატრიარქის ქადაგება,ქრონიკა, ინფორმაცია და სხვა. | ||
| 245 | _cრედ:დეკანოზი დავით შარაშენიძე და სხვა. | ||
| 260 | _aთბილისი | ||
| 260 | _bსაქართველოს საპატრიარქოს პრესცენტრი | ||
| 260 | _c2013 | ||
| 300 | _a20გვ;29სმ. | ||
| 653 | _aპერიოდიკა | ||
| 653 | _aსაპატრიარქოს უწყებანი | ||
| 942 | _cCR | ||
| 999 |
_c41284 _d41284 |
||